[Event "PlusCity Grand Prix Blitz"]
[Site "Pasching"]
[Date "2025.05.29"]
[Round "13"]
[White "Levin, Guy"]
[Black "Shimanov, Aleksandr"]
[Result "1-0"]
[WhiteElo "2464"]
[BlackElo "2578"]
[PlyCount "89"]
[EventDate "2025.05.29"]
[EventType "swiss (blitz)"]
[EventRounds "13"]
[EventCountry "AUT"]
[SourceTitle "CB23_2025"]
[SourceDate "2025.06.04"]
[SourceVersion "1"]
[SourceVersionDate "2025.06.04"]
[SourceQuality "1"]

1. d4 Nf6 2. c4 d6 3. Nc3 e5 4. Nf3 Nc6 5. e3 g6 6. Be2 Bg7 7. 0-0 0-0 8. d5 Ne7 9. e4 Nh5 10. Ne1 Nf4 11. Bxf4 exf4 12. Qd2 g5 13. Nd3 f5 14. exf5 Bxf5 15. Rfe1 Ng6 16. Bf3 g4 17. Be4 Qh4 18. g3 fxg3 19. hxg3 Qf6 20. Bxf5 Qxf5 21. Re6 Rf7 22. Rae1 Raf8 23. Re8 h5 24. Rxf8+ Rxf8 25. Re6 h4 26. Ne4 h3 27. Qe2 Bd4 28. b4 Ne5 29. Nxe5 dxe5 30. Rh6 Qc8 31. Rg6+ Kh7 32. Rxg4 Qf5 33. Rh4+ Kg7 34. Qg4+ Qxg4 35. Rxg4+ Kf7 36. Rh4 Ke7 37. Rxh3 Rf3 38. Rh7+ Kd8 39. c5 Ra3 40. d6 cxd6 41. cxd6 b5 42. Nf6 Kc8 43. Rh8+ Kb7 44. d7 Bb6 45. Nd5 1-0

[Event "EU-ch 25th"]
[Site "Eforie Nord"]
[Date "2025.03.15"]
[Round "1"]
[White "Levin, Guy"]
[Black "Sprincean, Lukas George"]
[Result "1-0"]
[WhiteElo "2450"]
[BlackElo "2074"]
[PlyCount "93"]
[EventDate "2025.03.15"]
[EventType "swiss"]
[EventRounds "11"]
[EventCountry "ROU"]
[SourceTitle "CB13_2025"]
[SourceDate "2025.03.26"]
[SourceVersion "1"]
[SourceVersionDate "2025.03.26"]
[SourceQuality "1"]

1. d4 d5 2. c4 c5 3. e3 cxd4 4. exd4 Nc6 5. Nc3 Nf6 6. Nf3 Bg4 7. cxd5 Nxd5 8. h3 Bxf3 9. Qxf3 Ndb4 10. Bc4 e6 11. 0-0 Rc8 12. d5 Nd4 13. Bb5+ Nxb5 14. dxe6 Nd6 15. exf7+ Nxf7 16. Re1+ Be7 17. Qxb7 Nc6 18. Nd5 Qd7 19. Qb5 Rb8 20. Rxe7+ Qxe7 21. Qxc6+ Qd7 22. Qc5 Rc8 23. Qd4 Rd8 24. Qe4+ Kf8 25. Qb4+ Qd6 26. Be3 a5 27. Qxd6+ Nxd6 28. Rc1 Nf5 29. Nf4 Kf7 30. Bb6 Rd7 31. Bxa5 Ra8 32. Rc5 Nd6 33. Rd5 Rb8 34. Bc3 Rdd8 35. Be5 Rb6 36. Bxg7 Kxg7 37. Ne6+ Kf6 38. Nxd8 Ke7 39. a4 Kxd8 40. a5 Rc6 41. b4 Ke7 42. b5 Rc1+ 43. Kh2 Rc2 44. b6 Rxf2 45. a6 Ke6 46. Rxd6+ Kxd6 47. a7 1-0

[Event "Prague Gambit 1st"]
[Site "Prague"]
[Date "2025.03.12"]
[Round "8"]
[White "Levin, Guy"]
[Black "Arias Gaviria, Mario Alexis"]
[Result "1-0"]
[WhiteElo "2450"]
[BlackElo "2284"]
[PlyCount "79"]
[EventDate "2025.03.08"]
[EventType "tourn"]
[EventRounds "9"]
[EventCountry "CZE"]
[EventCategory "7"]
[SourceTitle "CB12_2025"]
[SourceDate "2025.03.19"]
[SourceVersion "1"]
[SourceVersionDate "2025.03.19"]
[SourceQuality "1"]

1. c4 e6 2. Nc3 d5 3. d4 Nf6 4. Bg5 Be7 5. e3 h6 6. Bxf6 Bxf6 7. Qb3 c6 8. Nf3 Nd7 9. Rd1 0-0 10. h4 Qa5 11. cxd5 exd5 12. g4 b5 13. g5 Be7 14. gxh6 gxh6 15. Bd3 b4 16. Ne2 Bd6 17. Ng3 Bxg3 18. Rg1 Kh8 19. Rxg3 Rb8 20. Rc1 Rb6 21. Kf1 Ba6 22. Kg1 Rg8 23. Rxg8+ Kxg8 24. Bf5 Be2 25. Kg2 Nf6 26. Ne5 Bc4 27. Qd1 Ra6 28. b3 Bb5 29. Bc8 Qd8 30. Bxa6 Bxa6 31. Qf3 Bb7 32. Kh2 Kf8 33. Qxf6 Qxf6 34. Nd7+ Ke7 35. Nxf6 Kxf6 36. Rc5 Ke6 37. Kg3 h5 38. Kf4 f6 39. f3 a6 40. e4 1-0

[Event "Prague Gambit 1st"]
[Site "Prague"]
[Date "2025.03.10"]
[Round "5"]
[White "Cvek, Robert"]
[Black "Levin, Guy"]
[Result "1/2-1/2"]
[WhiteElo "2437"]
[BlackElo "2450"]
[PlyCount "33"]
[EventDate "2025.03.08"]
[EventType "tourn"]
[EventRounds "9"]
[EventCountry "CZE"]
[EventCategory "7"]
[SourceTitle "CB12_2025"]
[SourceDate "2025.03.19"]
[SourceVersion "1"]
[SourceVersionDate "2025.03.19"]
[SourceQuality "1"]

1. Nf3 d5 2. e3 Nf6 3. c4 dxc4 4. Bxc4 e6 5. b3 a6 6. Bb2 Be7 7. 0-0 0-0 8. d4 b5 9. Be2 Bb7 10. a4 b4 11. Nbd2 Nbd7 12. Nc4 c5 13. a5 Qc7 14. Nfe5 Nxe5 15. dxe5 Rad8 16. Bd3 Nd5 17. Qc2 1/2-1/2

[Event "Prague Gambit 1st"]
[Site "Prague"]
[Date "2025.03.09"]
[Round "3"]
[White "Prokofyev, Valentyn"]
[Black "Levin, Guy"]
[Result "1-0"]
[WhiteElo "2423"]
[BlackElo "2450"]
[PlyCount "117"]
[EventDate "2025.03.08"]
[EventType "tourn"]
[EventRounds "9"]
[EventCountry "CZE"]
[EventCategory "7"]
[SourceTitle "CB12_2025"]
[SourceDate "2025.03.19"]
[SourceVersion "1"]
[SourceVersionDate "2025.03.19"]
[SourceQuality "1"]

1. Nf3 d5 2. e3 Nf6 3. c4 dxc4 4. Bxc4 e6 5. 0-0 a6 6. Qe2 b5 7. Bb3 Nbd7 8. Rd1 Bb7 9. a4 Nc5 10. Bc2 Nxa4 11. Bxa4 bxa4 12. Nc3 Be7 13. Rxa4 0-0 14. e4 Qe8 15. d3 a5 16. Bd2 Bb4 17. Rda1 c5 18. Ne5 Nd7 19. Nc4 Qd8 20. Nd1 Nb6 21. Nxb6 Qxb6 22. Ne3 Ba6 23. Nc4 Bxc4 24. dxc4 Rfd8 25. Bxb4 cxb4 26. h3 h6 27. b3 Rd4 28. Rd1 Rxd1+ 29. Qxd1 Rd8 30. Qc2 Qc5 31. Ra1 Rd4 32. Rc1 Kh8 33. Kf1 Qc6 34. c5 Rxe4 35. Qd3 Re5 36. Qd8+ Kh7 37. Qxa5 Qe4 38. Qa6 Qf4 39. Qc4 Qh2 40. Qc2+ f5 41. f3 Re3 42. Qc4 e5 43. c6 e4 44. c7 exf3 45. Qg8+ Kxg8 46. c8Q+ Kf7 47. Rc7+ Kg6 48. Rc6+ Kg5 49. Qd8+ Kh5 50. g4+ fxg4 51. hxg4+ Kxg4 52. Qd7+ Kf4 53. Qf7+ Ke4 54. Qc4+ Kf5 55. Qf7+ Ke4 56. Rc4+ Ke5 57. Qc7+ Kd5 58. Qxh2 Rxb3 59. Qc7 1-0

[Event "ISR-ch"]
[Site "Eilat"]
[Date "2025.01.28"]
[Round "9"]
[White "Iliaguev, Nisim"]
[Black "Levin, Guy"]
[Result "1/2-1/2"]
[WhiteElo "2399"]
[BlackElo "2442"]
[PlyCount "102"]
[EventDate "2025.01.20"]
[EventType "swiss"]
[EventRounds "9"]
[EventCountry "ISR"]
[SourceTitle "CB05_2025"]
[SourceDate "2025.01.29"]
[SourceVersion "1"]
[SourceVersionDate "2025.01.29"]
[SourceQuality "1"]

1. g3 d5 2. d4 Nc6 3. Nf3 Bf5 4. Bg2 Nb4 5. Na3 e6 6. 0-0 Nf6 7. Nh4 Be4 8. f3 Bg6 9. Nxg6 hxg6 10. c3 Na6 11. b4 c6 12. e4 Be7 13. Nc2 Nc7 14. e5 Nd7 15. f4 f5 16. exf6 gxf6 17. Ne1 Nb5 18. Bd2 Nd6 19. Qe2 Nf8 20. Nd3 f5 21. Ne5 Rg8 22. a4 Nd7 23. Rfe1 Ne4 24. Bxe4 dxe4 25. Be3 Nxe5 26. dxe5 Kf7 27. Red1 Qc7 28. h4 a5 29. Qc4 axb4 30. cxb4 Rxa4 31. Rxa4 b5 32. Qc2 bxa4 33. Qxa4 Rd8 34. Bc5 Rd3 35. Rxd3 exd3 36. Kf2 Qd7 37. Ke1 Bxc5 38. bxc5 Qd5 39. Qa7+ Kg8 40. Kd2 Qg2+ 41. Kxd3 Qxg3+ 42. Kc2 Qxf4 43. Qa8+ Kh7 44. Qxc6 Qc4+ 45. Kd2 Qd4+ 46. Kc2 f4 47. Qd6 Qf2+ 48. Kc3 Qe3+ 49. Kc2 Qf2+ 50. Kc3 Qg3+ 51. Kc2 Qf2+ 1/2-1/2

[Event "ISR-ch"]
[Site "Eilat"]
[Date "2025.01.25"]
[Round "6"]
[White "Levin, Guy"]
[Black "Gorshtein, Ido"]
[Result "1/2-1/2"]
[WhiteElo "2442"]
[BlackElo "2565"]
[PlyCount "44"]
[EventDate "2025.01.20"]
[EventType "swiss"]
[EventRounds "9"]
[EventCountry "ISR"]
[SourceTitle "CB05_2025"]
[SourceDate "2025.01.29"]
[SourceVersion "1"]
[SourceVersionDate "2025.01.29"]
[SourceQuality "1"]

1. d4 Nf6 2. Nf3 e6 3. Nbd2 c5 4. e3 b6 5. Bd3 Bb7 6. 0-0 Be7 7. c3 d5 8. b3 0-0 9. Bb2 Nbd7 10. Qb1 Qc7 11. h3 Rad8 12. c4 cxd4 13. Nxd4 Nc5 14. Bc2 dxc4 15. Nxc4 Ba8 16. Qe1 b5 17. Nd2 Qb7 18. N2f3 Rd5 19. Rc1 Rh5 20. Qe2 Nce4 21. Bd3 Bc5 22. Bxb5 Qb6 1/2-1/2

[Event "EU-ch 24th"]
[Site "Petrovac"]
[Date "2024.11.18"]
[Round "10"]
[White "Maurizzi, Marc Andria"]
[Black "Levin, Guy"]
[Result "1/2-1/2"]
[WhiteElo "2585"]
[BlackElo "2445"]
[PlyCount "141"]
[EventDate "2024.11.08"]
[EventType "swiss"]
[EventRounds "11"]
[EventCountry "MNE"]
[SourceTitle "CB47_2024"]
[SourceDate "2024.11.20"]
[SourceVersion "1"]
[SourceVersionDate "2024.11.20"]
[SourceQuality "1"]

1. c4 e5 2. Nc3 Bb4 3. Nd5 Be7 4. d4 exd4 5. Qxd4 Nf6 6. Nxe7 Qxe7 7. Bg5 Nc6 8. Qc3 Ne5 9. g3 d6 10. Bg2 0-0 11. Nh3 h6 12. Bxf6 Qxf6 13. Nf4 c6 14. 0-0 Be6 15. b3 Rfd8 16. Rad1 Bf5 17. e4 Bg4 18. Rc1 Ng6 19. Nxg6 Qxc3 20. Rxc3 fxg6 21. f4 a5 22. Rf2 Be6 23. Rd2 Kf8 24. a3 Ke7 25. Kf2 Rac8 26. Ke3 b5 27. Bf1 bxc4 28. Bxc4 d5 29. Ba6 Rb8 30. exd5 Bxd5 31. Bc4 Bxc4 32. Rxd8 Kxd8 33. bxc4 c5 34. Ke4 a4 35. Rc2 Rb3 36. Ra2 Kc7 37. Kd5 Kb6 38. Ke6 Rf3 39. Kf7 g5 40. Kxg7 gxf4 41. g4 Rh3 42. Kg6 Kc6 43. Rf2 f3 44. Kf5 Kd6 45. Rd2+ Ke7 46. Rf2 Kd6 47. Kf6 Kc7 48. Ke5 Rh4 49. Rxf3 Rxg4 50. Rf7+ Kc6 51. Rf6+ Kd7 52. Rf4 Rg2 53. Rf7+ Ke8 54. Ra7 Rxh2 55. Kd6 h5 56. Kxc5 h4 57. Rxa4 Ra2 58. Kc6 Ke7 59. Ra7+ Kf6 60. c5 h3 61. Ra8 Kg7 62. Ra4 Kg6 63. Kd6 Kg5 64. Ra8 Rd2+ 65. Kc7 h2 66. Rh8 Kg4 67. c6 Kg3 68. Kb7 Rb2+ 69. Kc8 Ra2 70. c7 Rxa3 71. Rxh2 1/2-1/2

[Event "EU-ch 24th"]
[Site "Petrovac"]
[Date "2024.11.12"]
[Round "5"]
[White "Levin, Guy"]
[Black "Bodiroga, Predrag"]
[Result "1/2-1/2"]
[WhiteElo "2445"]
[BlackElo "2260"]
[PlyCount "118"]
[EventDate "2024.11.08"]
[EventType "swiss"]
[EventRounds "11"]
[EventCountry "MNE"]
[SourceTitle "CB47_2024"]
[SourceDate "2024.11.20"]
[SourceVersion "1"]
[SourceVersionDate "2024.11.20"]
[SourceQuality "1"]

1. Nf3 c5 2. e4 d6 3. d4 cxd4 4. Nxd4 Nf6 5. Bb5+ Nbd7 6. 0-0 a6 7. Bd3 g6 8. c4 Nc5 9. Nc3 Nxd3 10. Qxd3 Bg7 11. f3 0-0 12. Be3 Nd7 13. Rfd1 Ne5 14. Qe2 Bd7 15. Rac1 Rc8 16. b3 Nc6 17. Nxc6 Bxc6 18. Nd5 Bxd5 19. exd5 Re8 20. Qd2 e6 21. Bf2 Qf6 22. Re1 Qf5 23. dxe6 Rxe6 24. Rxe6 Qxe6 25. Re1 Qd7 26. Rd1 Rc6 27. a4 h5 28. c5 Bf8 29. b4 Rc8 30. cxd6 Qxd6 31. Qxd6 Bxd6 32. Rxd6 Rc1+ 33. Be1 Rxe1+ 34. Kf2 Re7 35. h4 Kf8 36. Rd8+ Kg7 37. Rd6 Kf8 38. Kg3 Rc7 39. Rb6 Kg7 40. Kf4 Re7 41. a5 f6 42. Rd6 Kf7 43. Rb6 Kg7 44. Rd6 Kf7 45. g3 Kg7 46. Rb6 Kf7 47. Rd6 Kg7 48. Rb6 Kf7 49. g4 hxg4 50. Kxg4 Rd7 51. f4 Kg7 52. b5 axb5 53. Rxb5 Kh6 54. h5 f5+ 55. Kh4 Rd4 56. hxg6 Rxf4+ 57. Kg3 Rg4+ 58. Kf3 Kxg6 59. Rxb7 Ra4 1/2-1/2

[Event "EU-ch 24th"]
[Site "Petrovac"]
[Date "2024.11.09"]
[Round "2"]
[White "Levin, Guy"]
[Black "Svane, Rasmus"]
[Result "1/2-1/2"]
[WhiteElo "2445"]
[BlackElo "2628"]
[PlyCount "51"]
[EventDate "2024.11.08"]
[EventType "swiss"]
[EventRounds "11"]
[EventCountry "MNE"]
[SourceTitle "CB47_2024"]
[SourceDate "2024.11.20"]
[SourceVersion "1"]
[SourceVersionDate "2024.11.20"]
[SourceQuality "1"]

1. d4 Nf6 2. c4 e6 3. Nc3 Bb4 4. a3 Bxc3+ 5. bxc3 b6 6. e3 Bb7 7. f3 Nc6 8. Bd3 Na5 9. c5 bxc5 10. Qa4 c4 11. Qxa5 cxd3 12. Nh3 0-0 13. Nf2 c5 14. Qxd8 Rfxd8 15. Nxd3 cxd4 16. cxd4 Ba6 17. Nc5 Bc4 18. Bd2 Rab8 19. Rc1 Bb5 20. Ba5 Rdc8 21. Kd2 Kf8 22. Rb1 d6 23. Nd3 Ke7 24. Rhc1 Rxc1 25. Nxc1 Nd7 26. Bc7 1/2-1/2

[Event "EU-ch 24th"]
[Site "Petrovac"]
[Date "2024.11.08"]
[Round "1"]
[White "Levin, Guy"]
[Black "Giacomini, Hector"]
[Result "1-0"]
[WhiteElo "2445"]
[BlackElo "2095"]
[PlyCount "64"]
[EventDate "2024.11.08"]
[EventType "swiss"]
[EventRounds "11"]
[EventCountry "MNE"]
[SourceTitle "CB47_2024"]
[SourceDate "2024.11.20"]
[SourceVersion "1"]
[SourceVersionDate "2024.11.20"]
[SourceQuality "1"]

1. c4 e6 2. Nf3 d5 3. e3 Nf6 4. Nc3 Be7 5. b3 0-0 6. Bb2 c5 7. cxd5 Nxd5 8. Qc2 Nc6 9. h4 Bd7 10. Ng5 f5 11. a3 Nb6 12. Be2 Rc8 13. g4 Nd4 14. exd4 cxd4 15. gxf5 dxc3 16. fxe6 cxd2+ 17. Qxd2 Bxg5 18. hxg5 Bxe6 19. Bd4 Qd5 20. Rh4 Qxb3 21. g6 hxg6 22. Rh8+ Kf7 23. Rh7 Rg8 24. Qh6 Ke8 25. Bxg7 Bf7 26. Rd1 Nd5 27. Qg5 Nc3 28. Qe3+ Qe6 29. Qxe6+ Bxe6 30. Bxc3 Rxc3 31. Bb5+ Rc6 32. Rxb7 Bf5 1-0

[Event "EU-Cup 39th"]
[Site "Vrnjacka Banja"]
[Date "2024.10.25"]
[Round "6.2"]
[White "Levin, Guy"]
[Black "Wadsworth, Matthew J"]
[Result "1/2-1/2"]
[WhiteElo "2435"]
[BlackElo "2473"]
[PlyCount "63"]
[EventDate "2024.10.20"]
[EventType "team-swiss"]
[EventRounds "7"]
[EventCountry "SRB"]
[SourceTitle "CB44_2024"]
[Source "Chessbase"]
[SourceDate "2024.10.30"]
[SourceVersion "1"]
[SourceVersionDate "2024.10.30"]
[SourceQuality "1"]
[WhiteTeam "Ramat Gan Porat Memorial"]
[BlackTeam "Wood Green"]
[WhiteTeamCountry "ISR"]
[BlackTeamCountry "ENG"]

1. Nf3 d5 2. g3 Bg4 3. Bg2 c6 4. 0-0 e6 5. d3 Nf6 6. h3 Bh5 7. c4 dxc4 8. dxc4 Qxd1 9. Rxd1 Bxf3 10. Bxf3 Nbd7 11. b3 0-0-0 12. Nc3 Be7 13. Bg2 Nb6 14. Be3 Bb4 15. Rdc1 Ba3 16. Rc2 h6 17. Nd1 Nfd7 18. Nb2 Nc5 19. Rb1 Rd7 20. Bxc5 Bxc5 21. Nd3 Bd4 22. a4 a5 23. b4 Nxa4 24. bxa5 Nc5 25. Nxc5 Bxc5 26. a6 Rhd8 27. axb7+ Rxb7 28. Ra1 Kc7 29. Bf3 Ra7 30. Rxa7+ Bxa7 31. Ra2 Bb6 32. c5 1/2-1/2

[Event "EU-Cup 39th"]
[Site "Vrnjacka Banja"]
[Date "2024.10.22"]
[Round "3.2"]
[White "Levin, Guy"]
[Black "Godart, Francois"]
[Result "1/2-1/2"]
[WhiteElo "2435"]
[BlackElo "2377"]
[PlyCount "53"]
[EventDate "2024.10.20"]
[EventType "team-swiss"]
[EventRounds "7"]
[EventCountry "SRB"]
[SourceTitle "CB44_2024"]
[Source "Chessbase"]
[SourceDate "2024.10.30"]
[SourceVersion "1"]
[SourceVersionDate "2024.10.30"]
[SourceQuality "1"]
[WhiteTeam "Ramat Gan Porat Memorial"]
[BlackTeam "Bonnevoie Gambit"]
[WhiteTeamCountry "ISR"]
[BlackTeamCountry "LUX"]

1. Nf3 d5 2. g3 c5 3. Bg2 Nc6 4. d4 Nf6 5. 0-0 cxd4 6. Nxd4 e5 7. Nxc6 bxc6 8. c4 Be6 9. Bg5 Rc8 10. Bxf6 gxf6 11. Qa4 Qd7 12. e3 d4 13. exd4 exd4 14. Nd2 c5 15. Qd1 Bd6 16. Re1 h5 17. Qf3 Qe7 18. Ne4 Be5 19. Qa3 Kf8 20. f4 Bb8 21. Qd3 h4 22. Rf1 Kg7 23. Rae1 Qb7 24. b3 Bf5 25. Qf3 Rh6 26. Kf2 Bg4 27. Qd3 1/2-1/2